000 00535nam a2200193Ia 4500
008 151121s9999||||xx |||||||||||||| ||und||
082 _a301।1 /Rao
082 _bHNW-66606
100 _aRao V।K।R।V।
245 4 _aThe Gandhian Alternative to West।
260 _b"Bharatiya Vidya Bhavan,"
260 _c--
300 _a68
600 _aRao V।K।R।V।
630 _aThe Gandhian Alternative to West।
700 _aRao V।K।R।V।
730 _aThe Gandhian Alternative to West।
942 _cBOOK
999 _c1248103
_d1248100